000
00360nam a2200145Ia 4500
008
231129s1991||||xx |||||||||||||| ||spa||
020
_a
958-28-0273-1
040
_b
spa
082
_a
U813 P976c
100
_a
Puzo Mario
245
0
_a
La Cuarta K
260
_c
1991
264
_a
Circulo de Lectores
942
_2
ddc
_c
BKS
999
_c
16787
_d
16787